| 000 | 00674nam a2200205 i 4500 | ||
|---|---|---|---|
| 001 | 80646 | ||
| 003 | ES-MaACL | ||
| 005 | 20250918194705.0 | ||
| 007 | t| | ||
| 008 | 041029s1923 fr ||||1| fre d | ||
| 100 | 1 |
_aHogg, Walter Douglas. _963979 |
|
| 245 | 1 | 0 |
_aPremiers secours et soins a donner aux malades et aux blesées / _cpar Walter Douglas ; préface, Maurice Letulle. |
| 250 | _a8eme éd. | ||
| 260 |
_aParis : _bOctave Doin, _c1923 ( _eNiort : _fSaint-Denis) |
||
| 300 |
_aXVIII, 424 p. : _bil. ; _c18 cm. |
||
| 650 | 0 | 4 |
_aPrimeros auxilios. _916404 |
| 700 | 1 |
_aLetulle, Maurice, _d1853-1929 _971893 |
|
| 852 |
_aES-MaACL _jB-11682 |
||
| 999 |
_c80646 _d80646 |
||